000 00740nam a22002177a 4500
005 20170124110101.0
010 _aB-079012
020 _c500.00
035 _aB-079012
037 _bCen Lib/Ret
040 _aDPL
_bEN
082 _a954.11
_bKAU
100 _aKaul, Pyarelal
_927192
245 _aKashmir :
_cby Pyarelal Kaul
_bwar or peace /
260 _bSuman Publications
_aNew Delhi
270 _aTop Floor, Samachar Post Chambers,50-C,Main Road, Preet Vihar
_bNew Delhi
_e110092
300 _a287p. :
_c23cm(Hb)
_bill.
650 _aIndia -- Foreign relations -- Pakistan
_98255
650 _a Jammu and Kashmir (India) -- Politics and government -- 20th century
_927193
942 _2ddc
_cEN
_h954.11
_mKAU
999 _c129716
_d129716